PE 1 (Record no. 7527)
[ view plain ]
| 000 -LEADER | |
|---|---|
| fixed length control field | 00574nam a22001937i 4500 |
| 003 - CONTROL NUMBER IDENTIFIER | |
| control field | URS |
| 005 - DATE AND TIME OF LATEST TRANSACTION | |
| control field | 20220117150834.0 |
| 008 - FIXED-LENGTH DATA ELEMENTS--GENERAL INFORMATION | |
| fixed length control field | 200303b ||||| |||| 00| 0 eng d |
| 040 ## - CATALOGING SOURCE | |
| Language of cataloging | eng |
| Description conventions | rda |
| Transcribing agency | URS |
| 050 14 - LIBRARY OF CONGRESS CALL NUMBER | |
| Classification number | GV 342 |
| Item number | .P647 2019 |
| 100 ## - MAIN ENTRY--PERSONAL NAME | |
| Personal name | Pilobello, Bernadette Bermaglomay I, |
| Relator term | author |
| 245 ## - TITLE STATEMENT | |
| Title | PE 1 |
| Remainder of title | physical education |
| 264 #1 - PRODUCTION, PUBLICATION, DISTRIBUTION, MANUFACTURE, AND COPYRIGHT NOTICE | |
| Place of production, publication, distribution, manufacture | Malabon City : |
| Name of producer, publisher, distributor, manufacturer | Mutya Publishing House, Incorporated, |
| Date of production, publication, distribution, manufacture, or copyright notice | 2019. |
| 336 ## - CONTENT TYPE | |
| Source | rdacontent |
| Content type term | text |
| 337 ## - MEDIA TYPE | |
| Source | rdamedia |
| Media type code | unmediated |
| 338 ## - CARRIER TYPE | |
| Source | rdacarrier |
| Carrier type code | volume |
| 500 ## - GENERAL NOTE | |
| General note | Includes references. and appendix |
| 942 ## - ADDED ENTRY ELEMENTS (KOHA) | |
| Source of classification or shelving scheme | Library of Congress Classification |
| Koha item type | Filipiniana |
| Withdrawn status | Source of classification or shelving scheme | Damaged status | Not for loan | Collection code | Home library | Current library | Shelving location | Date acquired | Source of acquisition | Total Checkouts | Full call number | Barcode | Date last seen | Price effective from | Koha item type |
|---|---|---|---|---|---|---|---|---|---|---|---|---|---|---|---|
| Library of Congress Classification | Non-fiction | Tanay College Library | Tanay College Library | General Stacks | 02/27/2020 | URS Fund | GV 342 .P647 2019 | URSTAN-N2872 | 03/03/2020 | 03/03/2020 | Filipiniana |